Chemische Elemente mit höchstens 4 Buchstaben - Statistiken

Allgemein
  • Dieses Quiz wurde 6.760 mal gespielt
  • Das Durchschnittsergebnis liegt bei 6 aus 11
Antwortstatistiken
% Korrekt
{Gold}
71%
{Neon}
68%
{Bor}
65%
{Brom}
64%
{Jod}
64%
{Zink}
62%
{Zinn}
59%
{Blei}
57%
{Uran}
55%
{Cer}
28%
{Niob}
22%
Keine übereinstimmenden Quizze gefunden
Verteilung der Resultate
Anzahl Personen mit jedem Resultat
Perzentil nach korrekt beantworteten Fragen
Ihre Resultats-Entwicklung
Sie haben dieses Quiz noch nicht gespielt